Countries that Start with G - Map Quiz - Statistics

General Stats
  • This quiz has been taken 131 times
  • The average score is 10 of 11
Answers on the Map
Answers color-coded by a green-red scale on the quiz's map according to % correct below.
 
Answer Stats
Country % Correct
Germany
100%
Greece
99%
Guatemala
96%
Ghana
93%
Georgia
91%
Guyana
91%
Gabon
88%
Guinea
88%
Grenada
81%
Guinea-Bissau
81%
Gambia
71%
No matching quizzes found
Score Distribution
Percent of People with Each Score
Percentile by Number Answered
Your Score History
You have not taken this quiz